Bláznivá klikněte matematika - Statistics

General Stats
  • This quiz has been taken 61 times
  • The average score is 16 of 30
Answer Stats
Hint Answer % Correct
1+1 2
100%
Jaké je zde největší číslo 4
100%
3-1 2
95%
2+1 3
95%
12/4 3
93%
4-2 2
88%
2(3-1) 4
88%
5/2.5 2
80%
-4+6 2
80%
9-8 1
78%
2/1 2
78%
3^1 3
78%
40/10 4
78%
2^2 4
75%
Krychlová odmocnina z 27 3
73%
2^0 1
70%
(2^3)/(2^2) 2
65%
6(1/2) 3
55%
48/24+2 4
43%
Druhá odmocnina ze 4 2
40%
56/8-4 3
33%
30-58/2 1
25%
(-4)^2-15 1
13%
6/(4+2) 1
10%
(20-10)/5 2
8%
2x+4=10 vypočítat hodnotu x 3
5%
2^2 4
3%
Kolik pozitivních faktorů má 6? 4
3%
2x+4=7x-1 vypočítat hodnotu x 1
0%
Nejmenší přirozené číslo 1
0%
No matching quizzes found
Score Distribution
Percent of People with Each Score
Percentile by Number Answered
Your Score History
You have not taken this quiz